01184nam a2200229Ia 450000500170000000800410001702000150005804000530007304100080012624500520013426000630018630000390024950003160028850000240060450800900062851100520071854600670077065000350083770000300087270000290090271000230093120140217110735.0130821s2001 xxu g q mleng d a1584482893 aCO-BoUCMbspacOscar Anaya (modificó)d[Nuevo]00aeng00aGreat NorthcMartin J. Dignard, directorh[DVD] aWashington D.C. (Estados Unidos)bSlingshot DVD Inc.c2001 a1 DVD, 100 minutosbsonido, imagen aSINOPSIS: Great North se mueve entre el pasado y el presente, abuelo y nieto , blanco y negro y color , tradición y modernidad. En una escena sorprendente , los dos parecen construir un iglú juntos. Nanook ya está lamiendo el cuchillo de nieve en la preparación para el trabajo. Luego se pasa a trabajar aSubtítulos ingles aCRÉDITOS: Dirigida por Martin J. Dignard ; guion por Georges-Hébert y David Homel0 aREPARTO: Adamie Quasiak Inukpuk, Shelagh Rogers aHablada en Ingles, Frances, Español, Madarin, Japones, Sueco04aPelículas cinematográficas1 aDignard, Martinedirector1 aReeve, Williamedirector2 aSlingshot DVD Inc.